Jewish and Mandaean incantation bowls in the Royal Ontario Museum /

محفوظ في:

المؤلف الرئيسي: McCullough, W. Stewart, 1902-1982.

مؤلف مشترك: Royal Ontario Museum.

التنسيق: كتاب

اللغة: English

منشور في: [Toronto] : University of Toronto Press, [1967].

سلاسل: Near and Middle East series ; 5.

الموضوعات:

الوسوم: إضافة وسم

لا توجد وسوم, كن أول من يضع وسما على هذه التسجيلة!

رقم الطلب: PJ5208 .A5 M3

LEADER 00977nam a22002897a 4500
003 OSt
005 20251110085927.0
008 251110t1967 oncaf b 000 0 eng
010 |a  67101762  
040 |c ARCE Library 
041 |a engheb 
050 1 4 |a PJ5208 .A5  |b M3 
100 1 |a McCullough, W. Stewart,   |q (William Stewart),  |d 1902-1982. 
245 1 0 |a Jewish and Mandaean incantation bowls in the Royal Ontario Museum /  |c [by] W. S. McCullough. 
264 1 |a [Toronto] :   |b University of Toronto Press,   |c [1967]. 
300 |a xvii, 70 pages :   |b 8 plates ;   |c 24 cm. 
490 1 |a Near and Middle East series ;   |v 5. 
504 |a Includes bibliographical references (pages 59-61) 
610 2 4 |a Royal Ontario Museum. 
650 0 |a Incantations, Aramaic. 
650 0 |a Incantations, Mandaean. 
650 0 |a Incantation bowls. 
710 2 |a Royal Ontario Museum. 
830 0 |a Near and Middle East series ;   |v 5. 
901 |a reviewed 
942 |2 lcc  |c BK 
999 |c 56673  |d 56673